Welcome to the Holygrace Academy Library

Please use search bar below to get started

UNTAMED (Record no. 2515)

MARC details
000 -LEADER
fixed length control field 00511nam a22001217a 4500
082 ## - DEWEY DECIMAL CLASSIFICATION NUMBER
Classification number 823
Item number CAS/U
100 ## - MAIN ENTRY--AUTHOR NAME
Personal name KRISTIN CAST
245 ## - TITLE STATEMENT
Title UNTAMED
260 ## - PUBLICATION, DISTRIBUTION, ETC. (IMPRINT)
Place of publication LONDON
Name of publisher ATOM
520 ## - SUMMARY, ETC.
Summary, etc Life sucks when your friends are pissed at you. Just ask Zoey Redbird – she's become an expert on suckiness. In one week she has gone from having three boyfriends to having none, and from having a close group of friends who trusted and supported her, to being an outcast.<br/>
650 ## - SUBJECT ADDED ENTRY--TOPICAL TERM
Topical Term NOVEL,ENGLISH
Geographic subdivision LONDON
942 ## - ADDED ENTRY ELEMENTS (KOHA)
Koha item type Books
Holdings
Withdrawn status Lost status Collection code Home library Current library Shelving location Date acquired Source of acquisition Full call number Accession Number Koha item type
    Fiction Main Library Main Library SHELF-2-E ENGLIAH NOVEL TEACHERS 19/06/2010 PURCHASE 823 CAS/U 05479 Books